| 000 | 00341nam a2200145Ia 4500 | ||
|---|---|---|---|
| 008 | 230312s9999||||xx |||||||||||||| ||und|| | ||
| 020 | _a81-317-0695-4 | ||
| 082 |
_a746.92 _bTAT-I |
||
| 100 | _aTate;Sharon,L | ||
| 245 | 0 | _aInside Fashion Design | |
| 260 |
_bPearson _aIndia _c2004 |
||
| 300 | _a460 | ||
| 650 | _aArchitecture | ||
| 942 | _cBK | ||
| 999 |
_c12115 _d12115 |
||